Anni delle Finali degli Europei - Statistics

Statistiche generali
  • Questo quiz è stato fatto 31 volte
    20 dall'ultimo reset
  • Il punteggio medio è 10 su 17
Statistiche sulle risposte
Hint Risposta % Corretto
Portogallo - Francia 1-0 (d.t.s.) 2016
89%
Grecia - Portogallo 1-0 2004
83%
Spagna - Italia 4-0 2012
83%
Italia - Inghilterra 1-1 (d.t.s.) (3-2 d.t.r.) 2020
83%
Spagna - Inghilterra 2-1 2024
78%
Italia - Jugoslavia 2-0 (rip.) 1968
72%
Danimarca - Germania 2-0 1992
72%
Francia - Italia 2-1 (gg) 2000
67%
Spagna - Germania 1-0 2008
67%
Germania - Repubblica Ceca 2-1 (gg) 1996
56%
Unione Sovietica - Jugoslavia 2-1 (d.t.s.) 1960
50%
Spagna - Unione Sovietica 2-1 1964
44%
Francia - Spagna 2-0 1984
39%
Paesi Bassi - Unione Sovietica 2-0 1988
39%
Cecoslovacchia - Germania Ovest 2-2 (5-3 d.t.r.) 1976
33%
Germania Ovest - Unione Sovietica 3-0 1972
28%
Germania Ovest - Belgio 2-1 1980
17%
Nessun quiz corrispondente trovato
Distribuzione punteggi
Percentuale di utenti per punteggio
Percentile per numero di risposta
I tuoi punteggi nel tempo
Non hai fatto questo quiz dall'ultimo reset